TNA Wrestling PPV Main Events - 2008 - Statistics

General Stats
  • This quiz has been taken 35 times
  • The average score is 12 of 14
Answer Stats
PPV Answer % Correct
Destination X, Turning Point, Final Resolution (December) AJ Styles
100%
Final Resolution (January), Against All Odds, Destination X, Lockdown, No Surrender Kurt Angle
100%
Bound for Glory, Turning Point, Final Resolution (December) Sting
100%
Destination X, Lockdown, Sacrifice, Slammiversary, Victory Road, Hard Justice, No Surrender, Bound for Glory, Final Resolution (December) Samoa Joe
96%
Sacrifice, Final Resolution (December) Scott Steiner
96%
Slammiversary, Victory Road, Hard Justice, Final Resolution (December) Booker T
87%
Final Resolution (December) Brother Devon
83%
Final Resolution (January), Against All Odds, Destination X, Slammiversary, No Surrender Christian Cage
83%
Destination X, Final Resolution (December) Kevin Nash
83%
Final Resolution (December) Brother Ray
78%
Slammiversary Robert Roode
74%
Slammiversary Rhino
70%
Destination X Tomko
70%
Sacrifice Kaz
61%
No matching quizzes found
Score Distribution
Percent of People with Each Score
Percentile by Number Answered
Your Score History
You have not taken this quiz